Analytics and Big Data for Accountants

Salvato in:
Dettagli Bibliografici
Autore principale: Lindell, Jim
Natura: Libro
Lingua:inglese
Pubblicazione: Durham AICPA /Wiley 2017
Soggetti:
Tags: Aggiungi Tag
Nessun Tag, puoi essere il primo ad aggiungerne!!

MARC

LEADER 00000nam a2200000 4500
001 0248962
005 20240314122714.9
020 |a 978-1-119-51233-2 
041 0 |a eng 
044 |a GB 
245 1 0 |a Analytics and Big Data for Accountants  |c Jim Lindell 
264 1 |a Durham  |b AICPA /Wiley  |c 2017 
300 |a [100 s.] 
610 2 0 |a dáta 
610 2 0 |a analýza dát 
610 2 0 |a analýza ekonomická 
610 2 0 |a účtovníci 
610 2 0 |a vzdelávanie 
610 2 0 |a informácie obchodno-ekonomické 
610 2 0 |a prognózovanie 
100 1 |a Lindell, Jim